书目信息 |
| 题名: |
全球难以征服的100个探险地
|
|
| 作者: | ;探索之旅编委会 编著 | |
| 分册: | ||
| 出版信息: | 北京 北京出版社 2016 |
|
| 页数: | 288页 | |
| 开本: | 24cm | |
| 丛书名: | ||
| 单 册: | ||
| 中图分类: | P941-49 | |
| 科图分类: | ||
| 主题词: | ||
| 电子资源: | ||
| ISBN: | 978-7-200-12062-2 | |
| 000 | 00903nam0 2200217 450 | |
| 001 | 783 | |
| 005 | 20160908104752.23 | |
| 010 | @a978-7-200-12062-2@dCNY49.80 | |
| 100 | @a20160715d2016 em y0chiy50 ea | |
| 101 | 0 | @achi |
| 102 | @aCN@b110000 | |
| 105 | @aa z 000yy | |
| 200 | 1 | @a全球难以征服的100个探险地@f探索之旅编委会编著 |
| 210 | @a北京@c北京出版社@d2016 | |
| 215 | @a288页@c图@d24cm | |
| 330 | @a本书以高清精美的图片和生动优美的文字介绍了国内外让人心跳不已的100个探险旅游地,这些旅游地有的尚未被开发完全,非常考验前往探险的旅游者的勇气。书中对各个景点进行了全方位的详细介绍,给旅游者提供一个对这些探险地的直观认识,文末小贴士更贴心地为读者提供了衣、食、住、行等各方面的建议和注意事项。 | |
| 610 | 0 | @a自然地理@j普及读物@y世界 |
| 690 | @aP941-49@v5 | |
| 711 | 02 | @a探索之旅编委会@9tan suo zhi lv bian wei hui@4编著 |
| 801 | 0 | @aCN@b唐山师范学院图书馆@c20160723 |
| 905 | @aZUCC@dP941-49@e153 | |
| 全球难以征服的100个探险地/探索之旅编委会编著.-北京:北京出版社,2016 |
| 288页:图;24cm |
| ISBN 978-7-200-12062-2:CNY49.80 |
| 本书以高清精美的图片和生动优美的文字介绍了国内外让人心跳不已的100个探险旅游地,这些旅游地有的尚未被开发完全,非常考验前往探险的旅游者的勇气。书中对各个景点进行了全方位的详细介绍,给旅游者提供一个对这些探险地的直观认识,文末小贴士更贴心地为读者提供了衣、食、住、行等各方面的建议和注意事项。 |
| ● |
| 相关链接 |
|
|
|
|
正题名:全球难以征服的100个探险地
索取号:P941-49/153
 
预约/预借
| 序号 | 登录号 | 条形码 | 馆藏地/架位号 | 状态 | 备注 |
| 1 | 903396 | 209033963 | 第二样本阅览室/ [索取号:P941-49/153] | 在馆 | |
| 2 | 903397 | 209033972 | 第三借阅区/ [索取号:P941-49/153] | 在馆 | |
| 3 | 903398 | 209033981 | 第三借阅区/ [索取号:P941-49/153] | 在馆 | |
| 4 | 903399 | 209033990 | 第三借阅区/ [索取号:P941-49/153] | 在馆 | |
| 5 | 903400 | 209034007 | 第三借阅区/ [索取号:P941-49/153] | 在馆 |